LEADER 00926nas a2200241 i 4500 001 000000240376 003 CaOOAMICUS 005 20150327000000.0 008 150327b1912 xx uu u0 0lat r 013 $a219281 040 $aSeMil$bita 240 10$aResponsa ad theologicas quaestiones...$0(OLS)http://semarc/title/341922 245 10$a1912. 260 $aMediolani :$bTypis Romuli Ghirlanda,$c1912. 300 $a48, 39 p. ;$c22 cm. 500 $aFondo card. C. M. Martini. 773 0 $tCalendarium Ambrosianum.$dMediolani : Typis Galeatium & filios impressores archiepiscopales, 1800-1969.$w()2075 850 $aSeMil 852 $aSeMil$W1$xVenegono$y1$m203 4 1/113$j190722$B190722$CSeMilBibl$Z2$F201564 $85 941 1 $a4 961 $aLascito: Martini Card. Carlo Maria 996 $6245$a1912$9(OLS)http://semarc/title/221054 996 $6260$aMediolani :$bTypis Romuli Ghirlanda$9(OLS)http://semarc/publisher/40131 LEADER 01661nam a2200373 i 4500 001 000000118739 003 CaOOAMICUS 005 20190308144606.0 008 031008s1992 it u000 u ita u 013 $a91432 020 $a88-213-0237-7 040 $aSeMil$bita 100 1 $aBorrego, Jesús.$0(OLS)http://semarc/name/49560 245 10$aDon Bosco educatore :$bscritti e testimonianze /$cJ. Borrego ... [et. al.]. 250 $a2. ed. accresciuta / a cura di Pietro Braido. 260 $aRoma :$bLAS,$c1992. 300 $a474 p. ;$c24 cm. 490 0 $aFonti / Istituto storico salesiano, Roma. Serie 1 ;$v7 500 $aFondo Card. C.M. Martini. 650 4$aBosco, Giovanni - Pensiero pedagogico.$0(OLS)http://semarc/subject/2508 700 1 $aBraido, Pietro,$c.$0(OLS)http://semarc/name/4486 700 1 $aBosco, Giovanni,$c.$0(OLS)http://semarc/name/4287 773 0 $aBosco, Giovanni $tScritti editi e inediti di Giovanni Bosco.$dRoma : LAS, 1991-$g7$w()10331 830 0$aFonti / Istituto storico salesiano, Roma. Serie 1 ;$v7.$0(OLS)http://semarc/title/419017 850 $aSeMil 852 $aSeMil$W1$xVenegono$y1$m3H IV 22$j74029$B74029$CSeMilBibl$Z2$F78723 $81 900 0 $aGiovanni : Bosco. 941 1 $a4 961 $aOmaggio: Martini Card. Carlo Maria 996 $6020$a88-213-0237-7$9(OLS)http://semarc/number/103436 996 $6245$aDon Bosco educatore :$bscritti e testimonianze$9(OLS)http://semarc/title/174462 996 $6260$aRoma :$bLAS$9(OLS)http://semarc/publisher/29900